<?xml version="1.0" encoding="UTF-8"?>
<record
    xmlns:xsi="http://www.w3.org/2001/XMLSchema-instance"
    xsi:schemaLocation="http://www.loc.gov/MARC21/slim http://www.loc.gov/standards/marcxml/schema/MARC21slim.xsd"
    xmlns="http://www.loc.gov/MARC21/slim">

  <leader>00837nam a2200217 a 4500</leader>
  <controlfield tag="008">120515s2012    ag ||||f |||| 001 0 spa d</controlfield>
  <datafield tag="020" ind1=" " ind2=" ">
    <subfield code="a">9789876042826</subfield>
  </datafield>
  <datafield tag="041" ind1=" " ind2=" ">
    <subfield code="a">spa</subfield>
  </datafield>
  <datafield tag="092" ind1=" " ind2=" ">
    <subfield code="c">610.9</subfield>
    <subfield code="l">15</subfield>
    <subfield code="s">DEB</subfield>
  </datafield>
  <datafield tag="100" ind1="1" ind2=" ">
    <subfield code="a">Debener, Marcela</subfield>
    <subfield code="9">1707</subfield>
  </datafield>
  <datafield tag="245" ind1=" " ind2="6">
    <subfield code="a">De la medicina hipocr&#xE1;tica al renacimiento.</subfield>
    <subfield code="b">Materiales de C&#xE1;tedra 1 /</subfield>
    <subfield code="c">Marcela Debener</subfield>
  </datafield>
  <datafield tag="250" ind1=" " ind2=" ">
    <subfield code="a">1a ed.</subfield>
  </datafield>
  <datafield tag="260" ind1=" " ind2=" ">
    <subfield code="a">Neuqu&#xE9;n [Argentina]:</subfield>
    <subfield code="b">EDUCO;</subfield>
    <subfield code="c">2012.</subfield>
  </datafield>
  <datafield tag="300" ind1=" " ind2=" ">
    <subfield code="a">120 p.</subfield>
    <subfield code="c">21x10 cm.</subfield>
  </datafield>
  <datafield tag="500" ind1=" " ind2=" ">
    <subfield code="a">Debener, M. (2012). De la medicina hipocr&#xE1;tica al renacimiento. Materiales de C&#xE1;tedra 1. (1a ed.). Neuqu&#xE9;n : EDUCO.</subfield>
  </datafield>
  <datafield tag="590" ind1=" " ind2=" ">
    <subfield code="a">Donaci&#xF3;n Prof. Marcela Debener Mayo 2012.</subfield>
  </datafield>
  <datafield tag="653" ind1=" " ind2=" ">
    <subfield code="a">Naturaleza y cultura en la medicina hipocr&#xE1;tica</subfield>
  </datafield>
  <datafield tag="653" ind1=" " ind2=" ">
    <subfield code="a">Transici&#xF3;n al mundo grecorromano</subfield>
  </datafield>
  <datafield tag="653" ind1=" " ind2=" ">
    <subfield code="a">Transici&#xF3;n al pensamiento medieval y moderno</subfield>
  </datafield>
  <datafield tag="942" ind1=" " ind2=" ">
    <subfield code="2">ddc</subfield>
    <subfield code="c">BK</subfield>
  </datafield>
  <datafield tag="999" ind1=" " ind2=" ">
    <subfield code="c">1032</subfield>
    <subfield code="d">1032</subfield>
  </datafield>
  <datafield tag="952" ind1=" " ind2=" ">
    <subfield code="0">0</subfield>
    <subfield code="1">0</subfield>
    <subfield code="2">ddc</subfield>
    <subfield code="4">0</subfield>
    <subfield code="7">0</subfield>
    <subfield code="a">BFM</subfield>
    <subfield code="b">BFM</subfield>
    <subfield code="c">CR</subfield>
    <subfield code="d">2012-05-15</subfield>
    <subfield code="l">21</subfield>
    <subfield code="o">610.9 15 DEB</subfield>
    <subfield code="p">2486</subfield>
    <subfield code="r">2019-06-10</subfield>
    <subfield code="s">2019-06-07</subfield>
    <subfield code="t">ej. 1</subfield>
    <subfield code="w">2012-05-15</subfield>
    <subfield code="y">BK</subfield>
  </datafield>
  <datafield tag="952" ind1=" " ind2=" ">
    <subfield code="0">0</subfield>
    <subfield code="1">0</subfield>
    <subfield code="2">ddc</subfield>
    <subfield code="4">0</subfield>
    <subfield code="7">0</subfield>
    <subfield code="8">NFIC</subfield>
    <subfield code="a">BFM</subfield>
    <subfield code="b">BFM</subfield>
    <subfield code="c">CR</subfield>
    <subfield code="d">2016-04-28</subfield>
    <subfield code="e">Compra FaCiMed</subfield>
    <subfield code="g">100.00</subfield>
    <subfield code="l">6</subfield>
    <subfield code="m">1</subfield>
    <subfield code="o">610.9 15 DEB</subfield>
    <subfield code="p">3695</subfield>
    <subfield code="r">2021-12-15</subfield>
    <subfield code="s">2021-10-05</subfield>
    <subfield code="t">Ej. 2</subfield>
    <subfield code="w">2016-04-28</subfield>
    <subfield code="y">BK</subfield>
    <subfield code="z">Compra FaCiMed</subfield>
  </datafield>
  <datafield tag="952" ind1=" " ind2=" ">
    <subfield code="0">0</subfield>
    <subfield code="1">0</subfield>
    <subfield code="2">ddc</subfield>
    <subfield code="4">0</subfield>
    <subfield code="7">0</subfield>
    <subfield code="8">NFIC</subfield>
    <subfield code="a">BFM</subfield>
    <subfield code="b">BFM</subfield>
    <subfield code="c">CR</subfield>
    <subfield code="d">2016-04-28</subfield>
    <subfield code="e">Compra FaCiMed</subfield>
    <subfield code="g">100.00</subfield>
    <subfield code="l">8</subfield>
    <subfield code="m">2</subfield>
    <subfield code="o">610.9 15 DEB</subfield>
    <subfield code="p">3696</subfield>
    <subfield code="r">2019-05-06</subfield>
    <subfield code="s">2019-05-02</subfield>
    <subfield code="t">Ej. 3</subfield>
    <subfield code="w">2016-04-28</subfield>
    <subfield code="y">BK</subfield>
    <subfield code="z">Compra FaCiMed</subfield>
  </datafield>
  <datafield tag="952" ind1=" " ind2=" ">
    <subfield code="0">0</subfield>
    <subfield code="1">0</subfield>
    <subfield code="2">ddc</subfield>
    <subfield code="4">0</subfield>
    <subfield code="7">0</subfield>
    <subfield code="a">BFM</subfield>
    <subfield code="b">BFM</subfield>
    <subfield code="c">CR</subfield>
    <subfield code="d">2017-04-04</subfield>
    <subfield code="e">Donacion Figueroa Alcorta, Jazmin. Abril 2016</subfield>
    <subfield code="l">1</subfield>
    <subfield code="o">610.9 15 DEB</subfield>
    <subfield code="p">3857</subfield>
    <subfield code="r">2019-06-24</subfield>
    <subfield code="s">2019-06-21</subfield>
    <subfield code="t">Ej. 4</subfield>
    <subfield code="w">2017-04-04</subfield>
    <subfield code="y">BK</subfield>
    <subfield code="z">Donacion Figueroa Alcorta, Jazmin. Abril 2016</subfield>
  </datafield>
  <datafield tag="952" ind1=" " ind2=" ">
    <subfield code="0">0</subfield>
    <subfield code="1">0</subfield>
    <subfield code="2">ddc</subfield>
    <subfield code="4">0</subfield>
    <subfield code="7">0</subfield>
    <subfield code="8">NFIC</subfield>
    <subfield code="a">BFM</subfield>
    <subfield code="b">BFM</subfield>
    <subfield code="c">CR</subfield>
    <subfield code="d">2018-08-06</subfield>
    <subfield code="e">DONACION</subfield>
    <subfield code="l">1</subfield>
    <subfield code="m">2</subfield>
    <subfield code="o">610.9 15 DEB</subfield>
    <subfield code="p">4326</subfield>
    <subfield code="r">2019-06-24</subfield>
    <subfield code="s">2019-06-14</subfield>
    <subfield code="t">Ej. 5</subfield>
    <subfield code="w">2018-08-06</subfield>
    <subfield code="y">BK</subfield>
    <subfield code="z">DONACION CAROLINA CORREA AGOSTO 2018</subfield>
  </datafield>
  <datafield tag="952" ind1=" " ind2=" ">
    <subfield code="0">0</subfield>
    <subfield code="1">0</subfield>
    <subfield code="2">ddc</subfield>
    <subfield code="4">0</subfield>
    <subfield code="7">0</subfield>
    <subfield code="a">BFM</subfield>
    <subfield code="b">BFM</subfield>
    <subfield code="c">CR</subfield>
    <subfield code="d">2018-11-27</subfield>
    <subfield code="e">Donaci&#xF3;n Roth Mara Stefania. Noviembre 2018.</subfield>
    <subfield code="l">1</subfield>
    <subfield code="o">610.9 15 DEB</subfield>
    <subfield code="p">4361</subfield>
    <subfield code="r">2020-02-10</subfield>
    <subfield code="s">2019-12-12</subfield>
    <subfield code="t">Ej. 6</subfield>
    <subfield code="w">2018-11-27</subfield>
    <subfield code="y">BK</subfield>
    <subfield code="z">Donaci&#xF3;n Roth Mara Stefania. Noviembre 2018.</subfield>
  </datafield>
  <datafield tag="952" ind1=" " ind2=" ">
    <subfield code="0">0</subfield>
    <subfield code="1">0</subfield>
    <subfield code="2">ddc</subfield>
    <subfield code="4">0</subfield>
    <subfield code="7">0</subfield>
    <subfield code="a">BFM</subfield>
    <subfield code="b">BFM</subfield>
    <subfield code="c">CR</subfield>
    <subfield code="d">2019-02-21</subfield>
    <subfield code="e">Donaci&#xF3;n Febrero 2019</subfield>
    <subfield code="l">3</subfield>
    <subfield code="o">610.9 15 DEB</subfield>
    <subfield code="p">4381</subfield>
    <subfield code="r">2020-02-17</subfield>
    <subfield code="s">2019-12-11</subfield>
    <subfield code="t">Ej. 7</subfield>
    <subfield code="w">2019-02-21</subfield>
    <subfield code="y">BK</subfield>
    <subfield code="z">Donaci&#xF3;n Febrero 2019</subfield>
    <subfield code="f"></subfield>
  </datafield>
  <datafield tag="952" ind1=" " ind2=" ">
    <subfield code="0">0</subfield>
    <subfield code="1">0</subfield>
    <subfield code="2">ddc</subfield>
    <subfield code="4">0</subfield>
    <subfield code="7">0</subfield>
    <subfield code="a">BFM</subfield>
    <subfield code="b">BFM</subfield>
    <subfield code="c">CR</subfield>
    <subfield code="d">2020-03-04</subfield>
    <subfield code="e">Donaci&#xF3;n, marzo 2020.</subfield>
    <subfield code="l">0</subfield>
    <subfield code="o">610.9 15 DEB</subfield>
    <subfield code="p">4633</subfield>
    <subfield code="r">2020-03-04</subfield>
    <subfield code="t">Ej. 8</subfield>
    <subfield code="w">2020-03-04</subfield>
    <subfield code="y">BK</subfield>
    <subfield code="z">Donaci&#xF3;n, marzo 2020.</subfield>
  </datafield>
  <datafield tag="952" ind1=" " ind2=" ">
    <subfield code="0">0</subfield>
    <subfield code="1">0</subfield>
    <subfield code="2">ddc</subfield>
    <subfield code="4">0</subfield>
    <subfield code="7">0</subfield>
    <subfield code="a">BFM</subfield>
    <subfield code="b">BFM</subfield>
    <subfield code="c">CR</subfield>
    <subfield code="d">2023-08-30</subfield>
    <subfield code="e">Donaci&#xF3;n Hirsch, Macarena. Agosto 2023</subfield>
    <subfield code="l">0</subfield>
    <subfield code="o">610.9 15 DEB 	</subfield>
    <subfield code="p">4874</subfield>
    <subfield code="r">2023-08-30</subfield>
    <subfield code="t">Ej. 9</subfield>
    <subfield code="w">0000-00-00</subfield>
    <subfield code="y">BK</subfield>
    <subfield code="z">Donaci&#xF3;n Hirsch, Macarena. Agosto 2023</subfield>
    <subfield code="f"></subfield>
  </datafield>
</record>
